000 00493ntaaa2200193 4500
003 01
005 20251027201813.0
008 0714s1973 ag 01
040 _aAR-BaBN
_bspa
_cAR-BaBN
_eaacr
_dRIC
082 _a242.2000 Sc7
100 _aSchreiner, Samuel J.
_916444
245 _aWhat a layman believes
250 _a1 ed.
260 _aNashville :
_bBroadman Press,
_cc1967
300 _a128 p
500 _aUn libro de devociones diarias
650 _ameditaciones
_95341
942 _cBK
999 _c12683
_d12683